=LDR 00000nam 2200000 4500 =001 INLIS000000000025579 =005 20130612124058 =008 ***********************************ind** =035 ##$$0010-061300000025579 =041 ##$$a ind =082 ##$$a F.Rom.K =090 ##$$a F.Rom.K, HOP p =100 ##$$a Hope, Laura Lee =245 ##$$a Petualangan di Desa, Laura Lee Hope =250 ##$$a The Bobbsey Twins =260 ##$$a 1994 $b Jakarta =300 ##$$a 118 hlm., ilus., 21 cm =650 ##$$a Cerita Anak =850 ##$$a NBPNMAT